[Event "Platja d'Aro op-B 7th"]
[Site "Platja d'Aro"]
[Date "2019.07.01"]
[Round "9"]
[White "Planella Sanchez, Jordi"]
[Black "Creixell Bermudo, Robert"]
[Result "1-0"]
[WhiteElo "2017"]
[BlackElo "1858"]
[PlyCount "81"]
[EventDate "2019.06.24"]
[EventType "swiss"]
[EventRounds "9"]
[EventCountry "ESP"]
[SourceTitle "CBM 191 Extra"]
[Source "ChessBase"]
[SourceDate "2019.09.30"]
[SourceVersion "1"]
[SourceVersionDate "2019.09.30"]
[SourceQuality "1"]

1. d4 Nf6 2. Nf3 e6 3. e3 c5 4. Bd3 Nc6 5. 0-0 d5 6. b3 Bd6 7. Bb2 0-0 8. Nbd2 Bd7 9. Ne5 cxd4 10. exd4 Qc7 11. Nxd7 Qxd7 12. a3 Rac8 13. Qe2 Ne7 14. f4 Qc7 15. g3 h5 16. Nf3 Nf5 17. Ne5 g6 18. Kg2 Bxe5 19. fxe5 Ng4 20. Rf3 Qb6 21. Rxf5 exf5 22. h3 Nh6 23. Qe3 Kg7 24. Rf1 Rh8 25. Qf3 Qe6 26. Bc1 Ng8 27. Qe2 h4 28. g4 fxg4 29. hxg4 h3+ 30. Kh2 Nh6 31. Bxh6+ Rxh6 32. Rf6 Qe7 33. Qf3 Rc6 34. Rf4 f6 35. Qxd5 fxe5 36. dxe5 Rc5 37. Qf3 Rxe5 38. Bc4 Re3 39. Qd1 Re1 40. Qd4+ Re5 41. Qf2 1-0

[Event "Igualada op 14th"]
[Site "Igualada"]
[Date "2019.01.26"]
[Round "3"]
[White "Busom Isach, Carlos"]
[Black "Creixell Bermudo, Robert"]
[Result "0-1"]
[WhiteElo "2067"]
[BlackElo "1689"]
[PlyCount "76"]
[EventDate "2019.01.12"]
[EventType "swiss"]
[EventRounds "8"]
[EventCountry "ESP"]
[SourceTitle "CBM 189 Extra"]
[Source "ChessBase"]
[SourceDate "2019.06.03"]
[SourceVersion "1"]
[SourceVersionDate "2019.06.03"]
[SourceQuality "1"]

1. e4 c5 2. c3 d5 3. exd5 Qxd5 4. d4 Nc6 5. Nf3 Bg4 6. Be2 e6 7. Be3 cxd4 8. cxd4 a6 9. Nc3 Qd6 10. h3 Bh5 11. 0-0 Nf6 12. Qb3 Qb4 13. Qc2 Bg6 14. Qc1 Be7 15. Rd1 Rd8 16. a3 Qb3 17. Rd2 Nd5 18. Bd1 Qb6 19. Nxd5 exd5 20. Ne5 Nxe5 21. dxe5 d4 22. Ba4+ Kf8 23. Bf4 Bf5 24. Qd1 g5 25. Bg3 Kg7 26. Qf3 Bg6 27. Rad1 d3 28. Rc1 Qa5 29. Qd1 Bh5 30. f3 Bc5+ 31. Bf2 Bxf2+ 32. Kxf2 Qxe5 33. Bb3 b5 34. Rc3 Qd4+ 35. Kf1 Bg6 36. Ba2 Rhe8 37. Bb1 Re3 38. Rf2 Rde8 0-1